000 01947 a2200229 4500
001 3389
005 20260407155428.0
008 260407a2003 arg spa d
003 AR-UNSa-BCEJYS
040 _aAR-UNSa-BCEJYS
_bspa
_cAR-UNSa-BCEJYS
080 _a336.2
_xIngresos públicos (Derecho tributario)
245 1 0 _aCurso de finanzas, derecho financiero y tributario
020 _a978-950-508-582-8
250 _a8a. ed.
264 1 _aBuenos Aires :
_bAstrea
_c2003
300 _aLXIV, 931 p.
_c20 cm.
505 _a1. Introducción - 2. Gastos públicos - 3. Recursos del Estado - 4. Noción y elementos - 5. Crédito público - 6. El presupuesto - 7. Derecho tributario. Nociones preliminares - 8. Caracterización jurídica del derecho tributario - 9. Derecho constitucional tributario - 10. Derecho tributario y régimen federal - 11. Derecho tributario material - 12. Derecho tributario formal - 13. Derecho procesal tributario - 14. Derecho penal tributario - 15. Derecho internacional tributario - 16. Derecho tributario de la integración económica (Derecho fiscal comunitario) - 17. Sistemas tributarios - 18. Impuesto a las ganancias - 19. Impuesto a los premios de sorteos y concursos deportivos - 20. Impuesto sobre los bienes personales y a la transferencia de inmuebles - 21. Impuesto a la ganancia mínima presunta. Impuesto a los intereses - 22. Impuesto al valor agregado - 23. Monotributo. Régimen simplificado para pequeños contribuyentes - 24. Impuestos internos - 25. Impuestos aduaneros - 26. Impuesto a las transacciones financieras - 27. Impuesto de justicia. Tasas judiciales en el orden nacional - 28. Impuestos provinciales - Tributos municipales
942 _cBK
590 _aniveau_biblio:m niveau_hierar:0
100 1 _aVillegas, Héctor Belisario
856 4 1 _uhttps://biblioeco.unsa.edu.ar/pmb/images/libros/Curso de Finanzas, derecho financiero y tributario3-l117014.jpg
_yImagen de portada
_qimage/jpeg
999 _c329
_d329